000 00478nam a2200205Ia 4500
008 210210b2015 xxu||||| |||| 00| 0 eng d
020 _a9789382471899
041 _aeng
082 _a637.1 RASM
100 _aRASHID (Mohammad)
245 _aMilk hygiene and safety
260 _aDelhi
_bJaya Publishing House
_c2015
300 _axx,216
650 _asafety
650 _aMilk
650 _ahygiene
650 _aand
690 _aAnimal Husbandry
906 _a070576
999 _c120034
_d120034